000 00942nam a22002537a 4500
010 _aENG-114990
020 _a9788120351950
_c595.00
035 _aEN-98522
037 _bDBAD/PUB
082 _a004.6782
100 _aTejada, Zoiner
245 _aExam ref 70-532 :
_cby Zoiner Tejada, Michele Leroux Bustamante [and] Ike Ellis
_bdeveloping Microsoft Azure solutions /
246 _a Developing Microsoft Azure solutions
260 _aDelhi
_bPHI Learning
_c2016
270 _aRimjhim House, 111, Patparganj Industrial Estate,
_bDelhi
_e110092
300 _axiv,413p. :
_c24cm(Pbk)
_bill.
500 _aAt head of title: Microsoft.
500 _aIncludes index
650 _aCloud computing
_xExaminations
_vStudy guides.
650 _aElectronic data processing personnel
_xCertification
_vStudy guides.
700 _aBustamante, Miichele Leroux
700 _aEllis, Ike
942 _2ddc
_cEN
_mTEJ
_h004.6782
999 _c99276
_d99276